Posibilidades de uso de la Realidad Aumentada en la educación inclusiva. Estudio de caso (Record no. 187560)
[ view plain ]
| 000 -CABECERA | |
|---|---|
| campo de control de longitud fija | 01728nab a2200265 a 4500 |
| 005 - FECHA Y HORA DE LA ÚLTIMA TRANSACCIÓN | |
| campo de control | 20250924063911.0 |
| 008 - ELEMENTOS DE LONGITUD FIJA--INFORMACIÓN GENERAL | |
| campo de control de longitud fija | 991125c2016 sp fr p o 000 0 spa d |
| 035 ## - NÚMERO DE CONTROL DEL SISTEMA | |
| Número de control de sistema | UPN01000215460 |
| 040 ## - FUENTE DE LA CATALOGACIÓN | |
| Centro catalogador/agencia de origen | UPN |
| Lengua de catalogación | spa |
| Centro/agencia transcriptor | UPN |
| Normas de descripción | aacr2 |
| 049 ## - COLECCIÓN | |
| Colección | ART-E |
| 100 1# - ASIENTO PRINCIPAL--NOMBRE PERSONAL | |
| Nombre de persona | Marín Díaz, Verónica |
| Enlace | - vmarin@uco.es |
| 245 10 - MENCIÓN DE TÍTULO | |
| Título | Posibilidades de uso de la Realidad Aumentada en la educación inclusiva. Estudio de caso |
| 506 0# - NOTA DE RESTRICCIONES AL ACCESO | |
| Limitaciones de acceso | Acceso abierto |
| 520 3# - NOTA DE RESUMEN, ETC. | |
| Sumario, etc. | La introducción de la Realidad Aumentada en la esfera educativa es mayor día a día debido a la potencialidad que esta herramienta presenta, sin embargo los estudios sobre sus usos en educación inclusiva son escasos. Este trabajo presenta, a través de un estudio ex-post-facto, los resultados alcanzados sobre la vinculación de la realidad aumentada y la educación inclusiva, a través de un cuestionario creado ad hoc y empleando una escala de respuesta tipo likert, se ha recogido la opinión de una muestra de N=81 maestros en formación. El principal resultado ha sido que salvo para discapacitados visuales, es una herramienta factible de ser empleada en la esfera inclusiva y que puede potenciar la brecha digital, además de ser necesarios conocimientos informáticos para emplearla. |
| 650 #4 - ASIENTO SECUNDARIO DE MATERIA - TERMINO TEMATICO | |
| Término de materia o nombre geográfico como elemento de entrada | Educación inclusiva |
| 9 (RLIN) | 7100 |
| 650 #4 - ASIENTO SECUNDARIO DE MATERIA - TERMINO TEMATICO | |
| Término de materia o nombre geográfico como elemento de entrada | Tecnologías de la información y comunicación |
| 9 (RLIN) | 21219 |
| 650 #2 - ASIENTO SECUNDARIO DE MATERIA - TERMINO TEMATICO | |
| Término de materia o nombre geográfico como elemento de entrada | Realidad aumentada |
| 9 (RLIN) | 26807 |
| 650 #4 - ASIENTO SECUNDARIO DE MATERIA - TERMINO TEMATICO | |
| Término de materia o nombre geográfico como elemento de entrada | Estudiantes |
| 9 (RLIN) | 13250 |
| 653 0# - TERMINO DE INDIZACION - NO CONTROLADO | |
| Término no controlado | Aulas |
| 773 ## - ENLACE AL DOCUMENTO FUENTE/ENTRADA DE REGISTRO ANFITRIÓN | |
| Parte(s) relacionada(s) | Vol. 31, no. 2 (2016), p. 57-67 |
| Título | Ensayos : revista de la Facultad de Educación de Albacete |
| Número Internacional Normalizado para Publicaciones Seriadas | 2171-9098 |
| 856 4# - LOCALIZACIÓN Y ACCESO ELECTRÓNICOS | |
| Identificador Uniforme del Recurso | <a href="https://revista.uclm.es/index.php/ensayos/article/view/1142">https://revista.uclm.es/index.php/ensayos/article/view/1142</a> |
| 902 ## - ELEMENTOS DE DATOS B LOCAL, LDB (RLIN) | |
| Creó | Gloria Jiménez/1124 |
| 905 ## - TIPO DE MATERIAL | |
| Tipo de material | Articulo |
| 942 ## - ELEMENTOS DE PUNTO DE ACCESO ADICIONAL (KOHA) | |
| Tipo de ítem Koha | Artículo Electrónico |
| Estado de retiro | Estado de pérdida | Estado dañado | No para préstamo | Código de colección | Localización permanente | Ubicación/localización actual | Ubicación en estantería | Fecha de adquisición | Total de préstamos | Fecha visto por última vez | Identificador Uniforme del Recurso | Precio válido a partir de | Tipo de ítem Koha |
|---|---|---|---|---|---|---|---|---|---|---|---|---|---|
| Acceso abierto | Bib. Gregorio Torres Quintero | Bib. Gregorio Torres Quintero | En línea | 21/11/2024 | 21/11/2024 | https://revista.uclm.es/index.php/ensayos/article/view/1142 | 21/11/2024 | Artículo Electrónico |
